Estadísticas para Capitales aleatorias de los estados de Estados Unidos en un mapa

Haz click aquí para intentar la prueba.

Estadísticas generales

  • Esta prueba ha sido intentada 472 veces
  • La puntuación promedio es 5 de 10

Respuestas en el mapa

Las respuestas están codificadas por una escala verde-roja en el mapa de la prueba según el % correcto abajo.
 

Estadísticas de respuestas

capital% Correcto
Austin
85%
Phoenix
82%
Sacramento
82%
Tallahassee
73%
Boston
71%
Helena
71%
Carson City
70%
Santa Fe
70%
Atlanta
67%
Augusta
67%
Columbus
67%
Springfield
67%
Boise
64%
Olympia
63%
Albany
60%
Trenton
58%
Oklahoma City
57%
Salem
57%
Baton Rouge
56%
Honolulu
56%
Des Moines
55%
Nashville
55%
Providence
55%
Charleston
50%
Denver
50%
Indianápolis
50%
Lansing
50%
Salt Lake City
50%
Raleigh
44%
Montpelier
43%
Pierre
43%
Annapolis
42%
Harrisburg
40%
Cheyenne
38%
Dover
38%
Topeka
36%
Juneau
33%
Hartford
27%
Little Rock
27%
Montgomery
25%
Saint Paul
23%
Columbia
22%
Lincoln
21%
Bismarck
20%
Frankfort
20%
Concord
17%
Jefferson City
8%
Jackson
0%
Madison
0%
Richmond
0%

Distribución de puntuación

Porcentaje por número respondido

Porcentaje de gente con cada puntuación

Historial de tus puntuaciones

No has intentado esta prueba.